000 00383nam a2200133Ia 4500
008 100328s9999 xx 000 0 und d
082 _b63173
100 _aअभ्यंकर रा.वि.
245 _aदक्षिण भारत.
260 _bआमोद.
630 _aदक्षिण भारत.
730 _aदक्षिण भारत.
942 _cBOOK
999 _c549088
_d549085